India shining India changing : (Record no. 40926)

MARC details
000 -LEADER
fixed length control field 00679nam a22001937a 4500
005 - DATE AND TIME OF LATEST TRANSACTION
control field 20100811121813.0
010 ## - LCCN (DPL NO)
LC control number ENG-99457
020 ## - INTERNATIONAL STANDARD BOOK NUMBER
International Standard Book Number 9789380032528
Terms of availability 295.00
035 ## - SYSTEM CONTROL NUMBER
System control number EN-82989
037 ## - SOURCE OF ACQUISITION
Source of stock number/acquisition DBAD/PUB
082 ## - DEWEY DECIMAL CLASSIFICATION NUMBER
Classification number 883
245 ## - TITLE STATEMENT
Title India shining India changing :
Remainder of title contemporary stories/
Statement of responsibility, etc edited by Gioia Guerzoni
260 ## - PUBLICATION, DISTRIBUTION, ETC. (IMPRINT)
Place of publication, distribution, etc Chennai
Name of publisher, distributor, etc Tranquebar
Date of publication, distribution, etc 2009
270 ## - ADDRESS
Address 571,Poonamallee High Road,Kammaraj Bhavan Aminjikarai
City Chennai
Postal code 600029
300 ## - PHYSICAL DESCRIPTION
Extent 191p.
Dimensions 20cm (pbk)
700 ## - ADDED ENTRY--PERSONAL NAME
Personal name Guerzoni,Gioia
9 (RLIN) 10780
942 ## - ADDED ENTRY ELEMENTS (KOHA)
Source of classification or shelving scheme Dewey Decimal Classification
Item type English Books
Classification part 883
Call number suffix IND
Holdings
Withdrawn status Lost status Not for loan Collection code Home library Current library Date acquired Source of acquisition Cost, normal purchase price Full call number Barcode Cost, replacement price Koha item type
    Not For Loan Non-fiction D.B.Act.Division D.B.Act.Division 11/08/2010 DBAD / PUB 295.00 883 IND EN-82989 295.00 English Books

© Delhi Public Library
Hit Counter
free hit counter